00503nam a2200157Ia 4500001000500000005001700005008004100022041000800063082001700071100005200088245015200140260000900292300002800301650000800329654000800337498220260306145834.0260306t1990||||xx |||||||||||||| ||spa|| aESP a332.409bR75 aRodríguez de Carassa, Joseph [1703-1773]eAUT 0aDictámen de don José Rodriguez de Carrassa del orden de Calatrava y ensayador mayor del reyno del Perú y de la real casa de la moneda de Lima c1990 a197 páginas :c20 cm. aGEN aCAN